000 00563cam a2200229 4500
008 090401t1987 xxu||||| |||| 00| 0 eng d
020 _a0304313955
035 _a(Sirsi) u73597
041 _aeng
050 _a658.151
100 _aWilson, Richard M.S
245 _aFinancial analysis : a managerial introduction
260 _aLondon
_bCassell
_c1987
300 _a310p. ; 25cm.
350 _a12.95
650 _aFINANCE
650 _aFINANCIAL MANAGEMENT
650 _aMANAGEMENT
700 _aMcHugh, Gerard
942 _n0
948 _c04/03/1997
999 _c95642
_d95642